000 00393nam a22001577a 4500
005 20260225160532.0
008 260225b |||||||| |||| 00| 0 eng d
082 _a158.1
100 _aSwami Teojmayananda
245 _aValkai Suthirangal
_cSwami Teojmayananda
250 _a1st
260 _aTrichy
_bChinmaya Prakasan
_c2015
650 _vGeneral
_xGeneral
942 _cBK
999 _c249470
_d249470